Japan and Korea: America's allies in the Pacific.

Bibliographic Details
Main Author: Morley, James William, 1921-
Format: Book
Language:English
Published: New York : Walker, [1965]
Subjects:

MARC

Tag First Indicator Second Indicator Subfields
LEADER 00000cam a2200000 4500
001 in00000038940
005 20151007081408.0
008 720922s1965 eng u
010 |a  64023055  
035 |a (OCoLC)00412881 
035 |9 AAF6319AM 
040 |c WSU  |d TXA  |d UtOrBLW 
049 |a TXAM  |c [455970] 
090 |a DS889  |b .M5873 
092 |a 320.952  |b M864j 
100 1 |a Morley, James William,  |d 1921- 
245 1 0 |a Japan and Korea: America's allies in the Pacific. 
264 1 |a New York :  |b Walker,  |c [1965] 
300 |a 152 pages 
336 |a text  |b txt  |2 rdacontent 
337 |a unmediated  |b n  |2 rdamedia 
338 |a volume  |b nc  |2 rdacarrier 
504 |a Bibliography: pages 141-146. 
651 0 |a Japan  |x Politics and government  |y 1945- 
651 0 |a Korea  |x Politics and government  |y 1948- 
651 0 |a Japan  |x Foreign relations  |z Korea. 
651 0 |a Korea  |x Foreign relations  |z Japan. 
651 0 |a United States  |x Foreign relations  |y 1945-1953. 
651 0 |a United States  |x Foreign relations  |y 1945-1989. 
999 |a MARS 
999 f f |s 81204642-2cd9-3b64-9e1d-99e97aee85b9  |i 9124ec65-482d-31f0-b055-494800cfd865  |t 0 
952 f f |p normal  |a Texas A&M University  |b College Station  |c Sterling C. Evans Library  |d Evans: Library Stacks  |t 0  |e DS889 .M5873  |h Library of Congress classification  |i unmediated -- volume  |m A14800660637 
998 f f |a DS889 .M5873  |t 0  |l Evans: Library Stacks